000 01021nam a2200205 a 4500
001 000045292
005 20201002050034.0
008 150225s1981 dr 000 0 spa d
040 _aDO-SdBNP
_bspa
_cBNPHU
082 _a344.729301
_bR426c, 1981
110 1 _aRepública Dominicana
_9447
240 1 0 _a[Leyes, etc.]
245 1 0 _aCódigo de trabajo de la República Dominicana :
_bvotado por la Ley No. 2920 del Congreso Nacional, promulgada por el Poder Ejecutivo el 11 de junio de 1951 y publicada en la Gaceta Oficial No. 7309 bis, incluyendo todas las modificaciones, correcciones y adiciones hasta la fecha /
_cedición preparada por Luis Pichardo Cabral y Enriquillo A. Gautreaux Sánchez [sic].
260 _aSanto Domingo :
_bLibreria Dominicana,
_c1981.
300 _a254 p. ;
_c22 cm.
500 _aPerteneció a la biblioteca personal del Dr. Guaroa Ginebra H.
590 _aInventariado, 32018/VM
700 1 2 _aPichardo Cabral, Luis,
_eed.
_916546
700 1 2 _aGautreaux Sánchez, Enriquillo A.,
_eed.
_973316
999 _c44781
_d44781